| 000 | 00655nam a2200121Ia 4500 | ||
|---|---|---|---|
| 008 | 220615s9999||||xx |||||||||||||| ||und|| | ||
| 245 | 0 |
_aAfrica-EU Renewable Energy Research and Innovation Symposium 2018 (RERIS 2018) _b23–26 January 2018, National University of Lesotho On occasion of NULISTICE 2018 |
|
| 546 | _aEnglish[eng] | ||
| 650 | _aEnergy||Renewable energy resources||Energy policy||Energy and state||Power electronics||Africa—Economic conditions||Sustainable development | ||
| 700 | _aMpholo, Moeketsi||Steuerwald, Dirk||Kukeera, Tonny | ||
| 856 | _uhttps://library.oapen.org/bitstream/20.500.12657/23054/1/1007104.pdf | ||
| 942 | _cEB | ||
| 999 |
_c13907 _d13907 |
||